000 00306nam a22001217a 4500
008 180512b xxu||||| |||| 00| 0 eng d
041 _aeng
080 _a043.3
100 _a0
101 _aSHKI-MA
245 _aKualiteti i Sherbimeve te Rrugetimit (QOS) ne Rrjetat pa Tela
_cDobreva, S
942 _2udc
_cBK
999 _c45710
_d45710